[Event "Titled Tuesday intern op 25th Feb Early"]
[Site "Chess.com INT"]
[Date "2025.02.25"]
[Round "5"]
[White "Bueno, Alfeu Varela Jr"]
[Black "Nugroho, Angel Ruth"]
[Result "0-1"]
[WhiteElo "2171"]
[BlackElo "1907"]
[PlyCount "54"]
[EventDate "2025.02.25"]
[EventType "swiss (blitz)"]
[EventRounds "11"]
[EventCountry "USA"]
[SourceTitle "CB10_2025"]
[SourceDate "2025.03.05"]
[SourceVersion "1"]
[SourceVersionDate "2025.03.05"]
[SourceQuality "1"]

1. e4 c6 2. d4 d5 3. f3 dxe4 4. fxe4 e5 5. Nf3 Bg4 6. Bc4 Nf6 7. Bxf7+ Kxf7 8. Nxe5+ Kg8 9. Nxg4 Nxe4 10. 0-0 h5 11. Ne5 Bd6 12. Bf4 Bxe5 13. Bxe5 Nd7 14. Qe2 Nef6 15. Nd2 Rh6 16. Nf3 Rg6 17. Nh4 Rg4 18. Nf5 Re4 19. Qc4+ Kh7 20. Rae1 Nxe5 21. dxe5 Rxc4 22. exf6 Qxf6 23. c3 Rg4 24. g3 Qg5 25. Ne3 Re4 26. Ng2 Rxe1 27. Rxe1 Rf8 0-1

[Event "Titled Tuesday intern op 11th Feb Early"]
[Site "Chess.com INT"]
[Date "2025.02.11"]
[Round "4"]
[White "Przybylski, Bartosz1"]
[Black "Nugroho, Angel Ruth"]
[Result "1-0"]
[WhiteElo "2141"]
[BlackElo "1907"]
[PlyCount "29"]
[EventDate "2025.02.11"]
[EventType "swiss (blitz)"]
[EventRounds "11"]
[EventCountry "USA"]
[SourceTitle "CB09_2025"]
[SourceDate "2025.02.27"]
[SourceVersion "1"]
[SourceVersionDate "2025.02.27"]
[SourceQuality "1"]

1. e4 e6 2. d4 d5 3. Nc3 dxe4 4. Nxe4 Nf6 5. Nxf6+ Qxf6 6. Nf3 h6 7. Bd3 Bd6 8. Qe2 Bd7 9. 0-0 Bc6 10. Ne5 Bxe5 11. dxe5 Qe7 12. Bd2 Nd7 13. Be4 Nxe5 14. Bc3 Qc5 15. Bxe5 1-0

[Event "Olympiad Women-45"]
[Site "Budapest"]
[Date "2024.09.16"]
[Round "6.24"]
[White "Nugroho, Angel Ruth"]
[Black "Olde, Margareth"]
[Result "1/2-1/2"]
[WhiteElo "1939"]
[BlackElo "2135"]
[PlyCount "187"]
[EventDate "2024.09.11"]
[EventType "team-swiss"]
[EventRounds "11"]
[EventCountry "HUN"]
[SourceTitle "EXT 2025"]
[Source "ChessBase"]
[SourceDate "2024.10.14"]
[SourceVersion "1"]
[SourceVersionDate "2024.10.14"]
[SourceQuality "1"]
[WhiteTeam "Indonesia (W)"]
[BlackTeam "Estonia (W)"]
[WhiteTeamCountry "INA"]
[BlackTeamCountry "EST"]

1. d4 Nf6 2. Bf4 d5 3. Nf3 c5 4. e3 Nc6 5. c3 Qb6 6. Qc2 Nh5 7. Be5 f6 8. Bg3 g6 9. Nbd2 Bf5 10. dxc5 Qxc5 11. Nb3 Qxe3+ 12. fxe3 Bxc2 13. Bf2 e5 14. Rc1 Bf5 15. h3 Ng7 16. c4 Bb4+ 17. Nfd2 dxc4 18. Bxc4 Be6 19. Ke2 0-0 20. a3 Be7 21. Rhd1 Rfd8 22. Bb5 Rac8 23. Nc5 Bxc5 24. Rxc5 Ne7 25. Rdc1 Rxc5 26. Rxc5 a6 27. Bd3 Rd7 28. b4 Ne8 29. b5 Nc7 30. bxa6 Nxa6 31. Ra5 Nc6 32. Rb5 Kf7 33. Be4 Nd8 34. Bd3 Nc7 35. Rc5 Nd5 36. Bb5 Rc7 37. Rxc7+ Nxc7 38. Ba4 Nd5 39. Bc2 Nc6 40. Ne4 Ke7 41. Nc5 Bc8 42. Bb3 Nc3+ 43. Kd3 Nb5 44. a4 Nd6 45. Kc3 Na5 46. Bd5 b6 47. Ne4 Nxe4+ 48. Bxe4 Kd6 49. Kb4 Bb7 50. Bf3 Ba6 51. h4 Bd3 52. e4 Kc7 53. Kc3 Bf1 54. g3 Nb7 55. Kb4 Nd6 56. Kc3 Kc6 57. Kd2 Nb7 58. Bd1 Bg2 59. Bc2 Nd6 60. Ke3 Nc4+ 61. Kd3 Bf1+ 62. Kc3 Nd6 63. Kd2 Bh3 64. Ke3 Bg4 65. Bb3 f5 66. Bd5+ Kc7 67. Be1 fxe4 68. Bxe4 Nc4+ 69. Kf2 Bd7 70. Bc2 Kd6 71. Bb4+ Kd5 72. Kf3 Kd4 73. Be4 Bxa4 74. Bb1 Bd1+ 75. Kf2 e4 76. Be7 b5 77. Bf6+ Kd5 78. Bc3 e3+ 79. Ke1 Bf3 80. Bc2 Kc5 81. Bd3 Nd6 82. Be5 b4 83. Bf4 Nf5 84. Bxf5 gxf5 85. Bxe3+ Kc4 86. Kd2 b3 87. Kc1 Kc3 88. Bd2+ Kd3 89. Bf4 Bd5 90. Kb2 Ke4 91. Kc3 Kf3 92. Kb2 Ke2 93. Be5 Kd3 94. Bf4 1/2-1/2

[Event "Olympiad Women-45"]
[Site "Budapest"]
[Date "2024.09.12"]
[Round "2.28"]
[White "Urh, Zala"]
[Black "Nugroho, Angel Ruth"]
[Result "1-0"]
[WhiteElo "2251"]
[BlackElo "1939"]
[PlyCount "151"]
[EventDate "2024.09.11"]
[EventType "team-swiss"]
[EventRounds "11"]
[EventCountry "HUN"]
[SourceTitle "EXT 2025"]
[Source "ChessBase"]
[SourceDate "2024.10.14"]
[SourceVersion "1"]
[SourceVersionDate "2024.10.14"]
[SourceQuality "1"]
[WhiteTeam "Slovenia (W)"]
[BlackTeam "Indonesia (W)"]
[WhiteTeamCountry "SLO"]
[BlackTeamCountry "INA"]

1. d4 d5 2. c4 e6 3. Nf3 Nf6 4. g3 Be7 5. Bg2 0-0 6. 0-0 dxc4 7. Qc2 a6 8. a4 Bd7 9. Qxc4 Bc6 10. Bg5 Bd5 11. Qc2 Be4 12. Qd1 h6 13. Bxf6 Bxf6 14. Nc3 Bxf3 15. Bxf3 c6 16. Qb3 Qc7 17. Rfd1 Rd8 18. Ne4 Nd7 19. a5 Rab8 20. h4 Be7 21. h5 Nf6 22. Nxf6+ Bxf6 23. e3 Rd7 24. Be4 Qd6 25. f4 Be7 26. Rdc1 Qb4 27. Qxb4 Bxb4 28. Rc4 Bd6 29. Kf2 f6 30. Kf3 e5 31. d5 c5 32. Bf5 Rc7 33. Be6+ Kf8 34. Ke4 Ke7 35. Kf5 Rf8 36. Ra3 Rb8 37. Rb3 b5 38. axb6 Rcb7 39. Ra4 Rxb6 40. Rba3 Ra8 41. Ra2 Kd8 42. Kg6 Bf8 43. fxe5 fxe5 44. Re4 Ra7 45. Rxe5 Be7 46. Rf5 Bf6 47. Rf2 Ke7 48. e4 Kd6 49. Rxf6 gxf6 50. Kxf6 c4 51. e5+ Kc5 52. d6 a5 53. Ra4 Rb4 54. Rxb4 axb4 55. d7 Ra8 56. Ke7 Kd4 57. Bxc4 Kxc4 58. d8Q Rxd8 59. Kxd8 Kd5 60. Kd7 Kxe5 61. Kc6 Kf5 62. Kb5 b3 63. Kc4 Kg4 64. Kxb3 Kxh5 65. Kc3 Kg4 66. b4 h5 67. b5 Kxg3 68. b6 h4 69. b7 h3 70. b8Q+ Kg2 71. Qb2+ Kg1 72. Qc1+ Kg2 73. Qd2+ Kg1 74. Qd1+ Kg2 75. Qg4+ Kh2 76. Kd3 1-0